El uñilargo : (Registro nro. 6419)
[ vista simple ]
| 000 -LEADER | |
|---|---|
| fixed length control field | 02393nam a22002777a 4500 |
| 003 - CONTROL NUMBER IDENTIFIER | |
| control field | OSt |
| 005 - DATE AND TIME OF LATEST TRANSACTION | |
| control field | 20200205150102.0 |
| 008 - FIXED-LENGTH DATA ELEMENTS--GENERAL INFORMATION | |
| fixed length control field | 200203s2011 ck o||||r|||| 001 0 spa d |
| 020 ## - INTERNATIONAL STANDARD BOOK NUMBER | |
| International Standard Book Number | 9789588245867 |
| 040 ## - CATALOGING SOURCE | |
| Original cataloging agency | CO-JMCR |
| Transcribing agency | CO-JMCR |
| 041 0# - LANGUAGE CODE | |
| Language code of text/sound track or separate title | spa |
| 082 ## - DEWEY DECIMAL CLASSIFICATION NUMBER | |
| Classification number | 364.1323 / |
| Item number | D674u |
| Edition number | 20 |
| 100 1# - MAIN ENTRY--PERSONAL NAME | |
| Personal name | Donadío, Alberto, |
| Relator term | autor |
| 9 (RLIN) | 118 |
| 245 13 - TITLE STATEMENT | |
| Title | El uñilargo : |
| Remainder of title | la corrupción en el régimen de Rojas Pinilla / |
| Statement of responsibility, etc. | Alberto Donadío |
| 250 ## - EDITION STATEMENT | |
| Edition statement | Segunda edición |
| 260 ## - PUBLICATION, DISTRIBUTION, ETC. | |
| Place of publication, distribution, etc. | Medellìn : |
| Name of publisher, distributor, etc. | Hombre Nuevo Editores, |
| Date of publication, distribution, etc. | 2011 |
| 300 ## - PHYSICAL DESCRIPTION | |
| Extent | 121 páginas : |
| Other physical details | fotografìas a blanco y negro ; |
| Dimensions | 22 cm. |
| 500 ## - GENERAL NOTE | |
| General note | Incluye datos biogràficos del autor en solapa. |
| 500 ## - GENERAL NOTE | |
| General note | Incluye notas a pie de pàgina. |
| 500 ## - GENERAL NOTE | |
| General note | Incluye ìndice onomàstico. |
| 505 0# - FORMATTED CONTENTS NOTE | |
| Formatted contents note | Siete por ciento -- El que es caballero repite -- El Banco Popular que fundò y quebrò Luis Morales Gòmez -- A la conquista de Nueva York -- Sucursales por doquier -- En tierra del Quetzal -- El Lloyd Aèreo Colombiano -- La Empresa Nacional de Publicaciones -- El ganado de Barraza -- Tierras y màs ganados -- La audiencia -- La sentencia |
| 520 ## - SUMMARY, ETC. | |
| Summary, etc. | Ese gran escritpr extraviado en la polìtica que fue Alberto Lleras Camargo, afirmò en 1958, un año despuès de la caìda del general Gustavo Rojas Pinilla: "Ningùn colombiano puede aspirar a enriquecerse ni prosperar sòlo por la acciòn del Estado, a menos que tenga el pensamiento de robar a sus conciudadanos".<br/>Rojas, su familia y sus compiches se dedicaron entre 1953 y 1957 a los negocios de tierra y ganados y recibieron el equivalente de varios millones de dòlares en prèstamos de los bancos oficiales y privados. Prètamos es la pa-labra equivocada pues la mayor parte de los crèditos jàmas fueron pagados a los bancos. Rojas nunca tuvo con-ciencia de que estaba robando a sus conciudadanos. Es màs, nunca aceptò que èl como jefe del Estado no podìa comprar a precio de remate haciendas que estaban invadidas por colonos, ni pedir a la Caja Agraria que las parcelara para que èl pudiera vendèrselas a los colonos por el precio comercial. Tampoco entendiò que como presidente no podìa comprar ingenios en quiebra o recibir las reses que le regalaban los hacendados.<br/> |
| 650 14 - SUBJECT ADDED ENTRY--TOPICAL TERM | |
| Topical term or geographic name entry element | Gustavo Rojas Pinilla1900-1975 |
| General subdivision | prácticas corruptas |
| 9 (RLIN) | 119 |
| 650 14 - SUBJECT ADDED ENTRY--TOPICAL TERM | |
| Topical term or geographic name entry element | Delitos de los funcionarios |
| General subdivision | tácticas políticas |
| Geographic subdivision | Colombia |
| 9 (RLIN) | 120 |
| 942 ## - ADDED ENTRY ELEMENTS (KOHA) | |
| Source of classification or shelving scheme | Dewey Decimal Classification |
| Koha item type | Books |
| Withdrawn status | Lost status | Source of classification or shelving scheme | Damaged status | Not for loan | Home library | Current library | Shelving location | Date acquired | Source of acquisition | Cost, normal purchase price | Total Checkouts | Full call number | Barcode | Date last seen | Copy number | Price effective from | Koha item type |
|---|---|---|---|---|---|---|---|---|---|---|---|---|---|---|---|---|---|
| Dewey Decimal Classification | Biblioteca Pública José María del Castillo y Rada | Biblioteca Pública José María del Castillo y Rada | Processing Center | 12/19/2019 | Donación | 0.00 | 364.1323 / D674u | 201809667 | 05/16/2024 | Ej.1 | 02/03/2020 | Books |